Dudas e incorrecciones de nuestro idioma: manual práctico de ortografía para escolares y profesionales
Salvato in:
| Autore principale: | |
|---|---|
| Natura: | Libro |
| Lingua: | spagnolo |
| Pubblicazione: |
Santiago
Bibliográfica Internacional
2007
|
| Soggetti: | |
| Tags: |
Aggiungi Tag
Nessun Tag, puoi essere il primo ad aggiungerne!!
|
MARC
| LEADER | 00000nam a2200000 a 4500 | ||
|---|---|---|---|
| 001 | UCG3559 | ||
| 003 | CL-VaPUC | ||
| 008 | 100902e20070000cl |||||||||||||||||spa|d | ||
| 020 | |a 9789563120349 | ||
| 082 | 0 | 4 | |a 411 |b COR |2 21 |
| 100 | 0 | |a Correa Sánchez, Haydée |e author |9 552788 | |
| 245 | 1 | 0 | |a Dudas e incorrecciones de nuestro idioma: manual práctico de ortografía para escolares y profesionales |
| 300 | |a 316 p | ||
| 942 | |c BK | ||
| 945 | |d 20100902 00:00:00 |a mfarfan | ||
| 260 | |a Santiago |b Bibliográfica Internacional |c 2007 | ||
| 650 | 0 | |a Ortografía |9 309144 | |
| 650 | 7 | |a CORRECCION |2 CL-VaPUC |9 552789 | |
| 650 | 0 | |a Español |9 255372 | |
| 583 | |a last modification |c 20171005 11:08:29 |k Rodrigo Vera | ||
| 999 | |c 342613 |d 342611 | ||
| 952 | |0 0 |1 0 |4 0 |6 411_000000000000000_COR_2007 |7 0 |8 X |9 438988 |a BIBEDU |b BIBEDU |d 2019-11-22 |i 4716884 |o 411 COR 2007 |p 4716884 |r 2023-01-13 |w 2019-11-22 |y BK_X |k CIT | ||